[Event "PRO League Atlantic 2017"]
[Site "chess.com INT"]
[Date "2017.01.18"]
[Round "2"]
[White "Bartell, Thomas"]
[Black "Guseinov, Gadir"]
[Result "1/2-1/2"]
[WhiteTitle "IM"]
[BlackTitle "GM"]
[WhiteElo "2345"]
[BlackElo "2643"]
[WhiteTeam "Philadelphia Inventors"]
[BlackTeam "Atlanta Kings"]
[WhiteFideId "2017849"]
[BlackFideId "13401378"]
[EventDate "2017.01.11"]

1. d4 Nf6 2. c4 g6 3. Nf3 Bg7 4. g3 O-O 5. Bg2 d6 6. O-O Nc6 7. Nc3 Bf5 8. Ne1
e5 9. d5 Ne7 10. e4 Bd7 11. c5 Ne8 12. Nd3 c6 13. cxd6 Nxd6 14. Nc5 cxd5 15.
Nxd5 Nxd5 16. Nxd7 Qxd7 17. Qxd5 Rfc8 18. Rd1 Rc6 19. Be3 Qc7 20. Rac1 Nc4 21.
Bg5 Rc8 22. Bh3 Rf8 23. b3 Nb6 24. Rxc6 bxc6 25. Qd6 Qb7 26. Bd7 Nxd7 27. Qxd7
Qa6 28. Rd2 h5 29. h4 Ra8 30. Rc2 c5 31. Qd5 Rc8 32. Be3 Qa5 33. Kg2 a6 34. a4
Bf8 35. Qxe5 Qb4 36. Qd5 Rb8 37. Bxc5 Qxb3 38. Qxb3 Rxb3 39. Bxf8 Kxf8 40. Rc6
Rb4 41. Rxa6 Rxe4 42. Ra7 Rb4 43. a5 Ra4 44. a6 Ra3 45. Kf1 Ra2 46. Ra8+ Kg7 47.
Kg2 Ra3 48. Kf1 Ra2 49. Ke1 Kf6 50. Kf1 Kf5 51. Kg2 Ra3 52. a7 Kf6 53. Kf1 Ra2
54. Ke1 Kf5 55. Kf1 Kf6 56. Kg2 Ra3 57. Kf1 Ra2 58. Kg2 Ra3 59. Kf1 Kf5 60. Kg2
Ra2 61. Kf3 Ra3+ 62. Kg2 Kf6 63. Kg1 Ra1+ 64. Kg2 Ra3 1/2-1/2

[Event "PRO League Atlantic 2017"]
[Site "chess.com INT"]
[Date "2017.01.18"]
[Round "2"]
[White "Bartell, Thomas"]
[Black "Zapata, Alonso"]
[Result "1-0"]
[WhiteTitle "IM"]
[BlackTitle "GM"]
[WhiteElo "2345"]
[BlackElo "2418"]
[WhiteTeam "Philadelphia Inventors"]
[BlackTeam "Atlanta Kings"]
[WhiteFideId "2017849"]
[BlackFideId "4400011"]
[EventDate "2017.01.11"]

1. d4 Nf6 2. c4 g6 3. Nf3 Bg7 4. g3 O-O 5. Bg2 d6 6. O-O Nc6 7. Nc3 a6 8. b3 Rb8
9. Nd5 Bg4 10. Bb2 Nd7 11. Ne3 Bxf3 12. Bxf3 e5 13. Bxc6 bxc6 14. dxe5 Nxe5 15.
Qc2 Re8 16. Rad1 c5 17. Nd5 c6 18. Nc3 Qe7 19. Kg2 f5 20. Rfe1 Qe6 21. h3 g5 22.
Qd2 Nf7 23. Na4 Bxb2 24. Qxb2 Qe4+ 25. f3 Qe5 26. e4 fxe4 27. fxe4 Re6 28. Qxe5
Nxe5 29. Rf1 Rf8 30. Rf5 h6 31. Rdf1 Ref6 32. Rxf6 1-0

[Event "PRO League Atlantic 2017"]
[Site "chess.com INT"]
[Date "2017.01.18"]
[Round "2"]
[White "Jacobson, Brandon"]
[Black "Hess, Robert L"]
[Result "0-1"]
[WhiteTitle "CM"]
[BlackTitle "GM"]
[WhiteElo "2225"]
[BlackElo "2571"]
[WhiteTeam "New Jersey Knockouts"]
[BlackTeam "Montclair Sopranos"]
[WhiteFideId "30901561"]
[BlackFideId "2022036"]
[EventDate "2017.01.11"]

1. Nf3 g6 2. e4 Bg7 3. d4 d6 4. c4 Bg4 5. Be2 Nc6 6. Nbd2 e5 7. d5 Nce7 8. h3
Bd7 9. c5 Nf6 10. b3 O-O 11. Ba3 Nc8 12. Nc4 Nxe4 13. cxd6 Ncxd6 14. Ncxe5 Nc3 0-1

[Event "PRO League Atlantic 2017"]
[Site "chess.com INT"]
[Date "2017.01.18"]
[Round "2"]
[White "Jacobson, Brandon"]
[Black "Rozman, Levy"]
[Result "0-1"]
[WhiteTitle "CM"]
[BlackTitle "FM"]
[WhiteElo "2225"]
[BlackElo "2404"]
[WhiteTeam "New Jersey Knockouts"]
[BlackTeam "Montclair Sopranos"]
[WhiteFideId "30901561"]
[BlackFideId "2039877"]
[EventDate "2017.01.11"]

1. Nf3 f5 2. d3 d6 3. e4 e5 4. Nc3 c5 5. g3 Nc6 6. Bg2 Nf6 7. O-O Be7 8. Bg5 O-O
9. exf5 Bxf5 10. Nd2 Qd7 11. Bxf6 Rxf6 12. Nde4 Rh6 13. h4 Rf8 14. Nd5 Bd8 15.
Qd2 Bh3 16. Ng5 Bxg5 17. Qxg5 Rg6 18. Qd2 Nd4 19. h5 Bxg2 20. Kxg2 Rh6 21. Rh1
Qf7 22. Ne3 Qf3+ 0-1

[Event "PRO League Atlantic 2017"]
[Site "chess.com INT"]
[Date "2017.01.18"]
[Round "2"]
[White "Pacheco, Daniel"]
[Black "Pichot, Alan"]
[Result "0-1"]
[WhiteTitle "FM"]
[BlackTitle "GM"]
[WhiteElo "2279"]
[BlackElo "2548"]
[WhiteTeam "Patagonia Penguins"]
[BlackTeam "Buenos Aires Krakens"]
[WhiteFideId "101680"]
[BlackFideId "110973"]
[EventDate "2017.01.11"]

1. d4 Nf6 2. c4 e6 3. g3 d5 4. Bg2 Be7 5. Nf3 O-O 6. Nbd2 b6 7. O-O Bb7 8. Ne5
Nbd7 9. f4 c5 10. e3 Qc7 11. Nxd7 Qxd7 12. cxd5 exd5 13. Nf3 Ne4 14. Ne5 Qc7 15.
f5 Bd6 16. Bxe4 dxe4 17. Nc4 Rad8 18. Nxd6 Qxd6 19. f6 g6 20. Qg4 h6 21. Bd2
cxd4 22. Rae1 d3 23. Rf4 Qe5 24. Qh3 Qg5 25. Ref1 Bc8 26. Qg2 Rfe8 27. Rxe4 Rxe4
28. Qxe4 Be6 29. a3 Qh5 30. h4 Qe2 31. Rf2 Qd1+ 32. Kh2 Bd5 0-1

[Event "PRO League Atlantic 2017"]
[Site "chess.com INT"]
[Date "2017.01.18"]
[Round "2"]
[White "Pacheco, Daniel"]
[Black "Mareco, Sandro"]
[Result "1-0"]
[WhiteTitle "FM"]
[BlackTitle "GM"]
[WhiteElo "2279"]
[BlackElo "2645"]
[WhiteTeam "Patagonia Penguins"]
[BlackTeam "Buenos Aires Krakens"]
[WhiteFideId "101680"]
[BlackFideId "112275"]
[EventDate "2017.01.11"]

1. d4 Nf6 2. Nf3 e6 3. Bf4 d6 4. Nc3 g6 5. Qd2 a6 6. e4 Bg7 7. Bh6 O-O 8. O-O-O
b5 9. Bxg7 Kxg7 10. a3 Bb7 11. Bd3 Nbd7 12. e5 dxe5 13. dxe5 Ng4 14. Be4 Bxe4
15. Nxe4 Ngxe5 16. Nxe5 Nxe5 17. Qc3 Qe7 18. Qxe5+ f6 19. Qc5 Qf7 20. Qc6 Rad8
21. Nc5 1-0

[Event "PRO League Atlantic 2017"]
[Site "chess.com INT"]
[Date "2017.01.18"]
[Round "2"]
[White "Baker, Vincent J"]
[Black "Balleisen, Aaron S"]
[Result "0-1"]
[WhiteElo "1960"]
[BlackElo "2127"]
[WhiteTeam "Columbus Cardinals"]
[BlackTeam "Carolina Cobras"]
[WhiteFideId "30911974"]
[BlackFideId "2087073"]
[EventDate "2017.01.11"]

1. e4 c5 2. Nf3 Nc6 3. d4 cxd4 4. Nxd4 Nf6 5. Nc3 d6 6. Bg5 Bd7 7. f3 Rc8 8. Be2
Qa5 9. f4 Nxe4 10. Nb3 Nxc3 11. bxc3 Qxc3+ 12. Kf2 g6 13. Bf3 Bg7 14. Re1 O-O
15. Re3 Qb4 16. a3 Qb6 17. Rb1 Be6 18. a4 Nb4 19. a5 Rxc2+ 20. Be2 Qa6 21. Kg1
Bc4 22. Bf3 Ra2 23. Bxe7 Re8 24. Kh1 Bxb3 25. Qxb3 Qxa5 26. Bxd6 Rd8 27. Bxb4
Qa4 28. Qxa4 Rxa4 29. Be1 b6 30. g3 h5 31. Kg2 Rc8 32. Re7 Rc2+ 33. Kh1 Raa2 34.
Re8+ Kh7 35. Re7 Rxh2+ 36. Kg1 Bd4+ 37. Kf1 Ra5 38. Rxf7+ Kg8 39. Rd7 Bg7 40.
Bd5+ Kh7 41. Kg1 Raa2 42. Be4 Kh6 43. Rd6 Kh7 44. Rxg6 Bd4+ 45. Kf1 Kh8 46. Rd6
Bc5 47. Rd8+ Kg7 48. Bc3+ Kf7 49. Rd7+ Ke6 50. Rd3 Raf2+ 51. Ke1 Re2+ 52. Kd1
Rhf2 53. Be1 Rh2 54. Bf3 Ra2 55. Rc1 h4 56. Rd2 Raxd2+ 57. Bxd2 hxg3 58. Be1 g2
59. Bxg2 Rxg2 60. Rc2 Rxc2 61. Kxc2 Kf5 62. Bd2 Bd6 63. Kb3 Bxf4 64. Bc3 Be3 65.
Kb4 Ke4 66. Kb5 Kd5 67. Bb4 Bc5 68. Bc3 Ke4 69. Ka6 Kd3 70. Ba1 Kc4 71. Kxa7 b5+
72. Ka6 b4 73. Ka5 b3 74. Ka4 Bb4 75. Bb2 Bc5 76. Bc1 Kc3 77. Kb5 Kc2 78. Kc4
Bd6 79. Bb2 Kxb2 80. Kd3 Ka2 81. Kd2 b2 0-1

[Event "PRO League Atlantic 2017"]
[Site "chess.com INT"]
[Date "2017.01.18"]
[Round "2"]
[White "Baker, Vincent J"]
[Black "Cunningham, Robin"]
[Result "0-1"]
[BlackTitle "FM"]
[WhiteElo "1960"]
[BlackElo "2263"]
[WhiteTeam "Columbus Cardinals"]
[BlackTeam "Carolina Cobras"]
[WhiteFideId "30911974"]
[BlackFideId "2005093"]
[EventDate "2017.01.11"]

1. e4 c5 2. Nf3 Nc6 3. d4 cxd4 4. Nxd4 Nf6 5. Nc3 e5 6. Ndb5 d6 7. Bg5 a6 8.
Bxf6 gxf6 9. Na3 b5 10. Nd5 f5 11. Bd3 Be6 12. c3 Bg7 13. O-O O-O 14. Nc2 Rc8
15. Nce3 fxe4 16. Bxe4 f5 17. Bf3 e4 18. Bh5 f4 19. Nc2 Qg5 20. Nb6 f3 21. g3
Rcd8 22. Bxf3 Rxf3 23. Qe2 d5 24. Ne1 Ne5 25. Rd1 Bg4 26. Qd2 Qxd2 27. Rxd2 Be6
28. Kg2 Rff8 29. Nc2 Rd6 30. Nxd5 Rxd5 0-1

[Event "PRO League Atlantic 2017"]
[Site "chess.com INT"]
[Date "2017.01.18"]
[Round "2"]
[White "Vovk, Andriy"]
[Black "Guseinov, Gadir"]
[Result "1/2-1/2"]
[WhiteTitle "GM"]
[BlackTitle "GM"]
[WhiteElo "2633"]
[BlackElo "2643"]
[WhiteTeam "Philadelphia Inventors"]
[BlackTeam "Atlanta Kings"]
[WhiteFideId "14114470"]
[BlackFideId "13401378"]
[EventDate "2017.01.11"]

1. e4 c5 2. Nf3 Nc6 3. d4 cxd4 4. Nxd4 g6 5. c4 Nf6 6. Nc3 Nxd4 7. Qxd4 d6 8.
Be2 Bg7 9. Be3 O-O 10. Qd2 a5 11. f3 a4 12. O-O Qa5 13. Rfc1 Be6 14. Rab1 Rfc8
15. b3 axb3 16. axb3 Qb4 17. Na4 Qxd2 18. Bxd2 Nd7 19. Bc3 Bh6 20. Rc2 b5 21.
cxb5 Be3+ 22. Kf1 Bxb3 23. Rxb3 Rxa4 24. Bd3 Nc5 25. Bb4 Rb8 26. Bxc5 Bxc5 27.
f4 Kf8 28. Ke2 Ke8 29. Bc4 e6 30. Rh3 Ke7 31. Rxh7 Ra3 32. f5 Kf6 33. fxe6 fxe6
34. Bd3 Ke5 35. Rh6 Rf8 36. Rh3 Rf2+ 37. Kd1 Ra1+ 38. Rc1 Raa2 39. Rc2 Ra1+ 40.
Rc1 Rxc1+ 41. Kxc1 Rxg2 42. Bc2 g5 43. Rg3 Rxg3 44. hxg3 Bf2 45. Kd2 Bxg3 46.
Ke3 Bh2 47. Kf2 Kd4 48. b6 Kc3 49. b7 d5 50. exd5 exd5 51. Bf5 d4 52. Kf3 d3 53.
Bxd3 Kxd3 54. Kg4 Bf4 55. b8=Q Bxb8 56. Kxg5 1/2-1/2

[Event "PRO League Atlantic 2017"]
[Site "chess.com INT"]
[Date "2017.01.18"]
[Round "2"]
[White "Vovk, Andriy"]
[Black "Zapata, Alonso"]
[Result "1-0"]
[WhiteTitle "GM"]
[BlackTitle "GM"]
[WhiteElo "2633"]
[BlackElo "2418"]
[WhiteTeam "Philadelphia Inventors"]
[BlackTeam "Atlanta Kings"]
[WhiteFideId "14114470"]
[BlackFideId "4400011"]
[EventDate "2017.01.11"]

1. e4 c5 2. Nf3 e6 3. d4 cxd4 4. Nxd4 Nc6 5. Nc3 Qc7 6. Be3 a6 7. Qd2 Nf6 8.
O-O-O Be7 9. f4 d6 10. Be2 Nxd4 11. Qxd4 e5 12. Qd3 b5 13. a3 Be6 14. g4 exf4
15. Bxf4 Qc5 16. h3 O-O 17. Bxd6 Bxd6 18. Qxd6 Nxe4 19. Qxc5 Nxc5 20. Bf3 Rac8
21. Nd5 Rfe8 22. Kb1 Kf8 23. Rd4 a5 24. b3 Bxd5 25. Bxd5 Re5 26. Rf1 f6 27. h4
h6 28. h5 Ke7 29. Rfd1 Rc7 30. Bg8 Ne4 31. Kb2 Nf2 32. R1d2 Ne4 33. R2d3 Nf2 34.
Rf3 Ne4 35. Re3 Nc5 36. Rc3 Rd7 37. Rxd7+ Kxd7 38. Bh7 Kd6 39. Bf5 Re1 40. Rf3
Re2 41. Kc3 Kd5 42. b4 axb4+ 43. axb4 Na4+ 44. Kb3 Re1 45. c4+ Ke5 46. cxb5 Nb6
47. Rc3 Nd5 48. Rc6 Kd4 49. b6 Re7 50. Ka4 Re8 51. Kb5 Ra8 52. Rd6 Ke5 53. Rxd5+
Kxd5 54. b7 Rb8 55. Kb6 Kd6 56. b5 1-0

[Event "PRO League Atlantic 2017"]
[Site "chess.com INT"]
[Date "2017.01.18"]
[Round "2"]
[White "Norowitz, Yaacov"]
[Black "Francisco, Richard"]
[Result "1-0"]
[WhiteTitle "IM"]
[WhiteElo "2429"]
[BlackElo "2273"]
[WhiteTeam "Philadelphia Inventors"]
[BlackTeam "Atlanta Kings"]
[WhiteFideId "2024799"]
[BlackFideId "2021188"]
[EventDate "2017.01.11"]

1. d4 Nf6 2. Nf3 e6 3. c4 Bb4+ 4. Bd2 Bxd2+ 5. Qxd2 d5 6. Nc3 O-O 7. e3 Qe7 8.
Rc1 Rd8 9. Qc2 dxc4 10. Bxc4 c5 11. O-O cxd4 12. Nxd4 Bd7 13. Qb3 Nc6 14. Qxb7
Ne5 15. Be2 Qd6 16. Qa6 Qb4 17. Rc2 Rdb8 18. a3 Qe7 19. h3 Rb6 20. Qa5 Nc6 21.
Nxc6 Bxc6 22. Rd1 Qb7 23. Na4 Bxa4 24. Qxa4 Rxb2 25. Rxb2 Qxb2 26. Qxa7 Rc8 27.
Bf3 h6 28. Qb7 Qc2 29. a4 e5 30. Ra1 e4 31. Bg4 Rc5 32. Qb1 Qc3 33. Qe1 Qxe1+
34. Rxe1 h5 35. Be2 Nd5 36. Bxh5 Nc3 37. Bd1 Ra5 38. Bb3 Kf8 39. Kf1 Ke7 40. Rc1
Nxa4 41. Ra1 Rb5 42. Bxa4 1-0

[Event "PRO League Atlantic 2017"]
[Site "chess.com INT"]
[Date "2017.01.18"]
[Round "2"]
[White "Norowitz, Yaacov"]
[Black "Gurevich, Daniel"]
[Result "1-0"]
[WhiteTitle "IM"]
[BlackTitle "IM"]
[WhiteElo "2429"]
[BlackElo "2455"]
[WhiteTeam "Philadelphia Inventors"]
[BlackTeam "Atlanta Kings"]
[WhiteFideId "2024799"]
[BlackFideId "2044676"]
[EventDate "2017.01.11"]

1. d4 d5 2. Nf3 Nf6 3. c4 dxc4 4. e3 e6 5. Bxc4 c5 6. O-O a6 7. a4 Nc6 8. Nc3
cxd4 9. exd4 Be7 10. Re1 O-O 11. Bg5 Nb4 12. Qb3 Nc6 13. Qd1 h6 14. Bh4 Nb4 15.
Ne5 Nfd5 16. Bg3 b6 17. Nxd5 exd5 18. Bb3 Bb7 19. Qg4 f5 20. Qf3 Bg5 21. h4 Bxh4
22. Bxh4 Qxh4 23. Qc3 a5 24. Ng6 Qf6 25. Nxf8 Rxf8 26. Qc7 Rf7 27. Qe5 Nd3 28.
Qxf6 Rxf6 29. Re2 Rg6 30. Rd2 Nf4 31. f3 h5 32. Re1 h4 33. Bc2 Rf6 34. Re5 g6
35. Re7 Ba6 36. Kf2 Rc6 37. Ra7 Bc8 38. Bb3 Be6 39. Rb7 g5 40. Rc2 Nd3+ 41. Ke2
Rxc2+ 42. Bxc2 1-0

[Event "PRO League Atlantic 2017"]
[Site "chess.com INT"]
[Date "2017.01.25"]
[Round "3"]
[White "Lenderman, Aleksandr"]
[Black "Francisco, Richard"]
[Result "1-0"]
[WhiteTitle "GM"]
[WhiteElo "2573"]
[BlackElo "2273"]
[WhiteTeam "Montclair Sopranos"]
[BlackTeam "Atlanta Kings"]
[WhiteFideId "2021285"]
[BlackFideId "2021188"]
[EventDate "2017.01.11"]

1. d4 Nf6 2. c4 e6 3. Nc3 Bb4 4. Qc2 O-O 5. Nf3 c5 6. dxc5 Na6 7. g3 Nxc5 8. Bg2
b6 9. O-O Bb7 10. Nb5 Be4 11. Qd1 Nb7 12. a3 Be7 13. Bf4 Rc8 14. Rc1 a6 15. Nc3
Bxf3 16. Bxf3 Na5 17. b4 Nxc4 18. Bb7 Nh5 19. Bxc8 Qxc8 20. Bd2 b5 21. e4 Qb7
22. Qe2 Nf6 23. Bg5 h6 24. Bxf6 Bxf6 25. Nb1 Bd4 26. Rfd1 Qb6 27. Nd2 Nxd2 28.
Qxd2 e5 29. Kg2 f5 30. exf5 Qb7+ 31. f3 Rxf5 32. Qd3 Rf8 33. Rc2 h5 34. h4 d5
35. Qg6 Rf6 36. Qe8+ Rf8 37. Qxh5 Rf6 38. Rdc1 1-0

[Event "PRO League Atlantic 2017"]
[Site "chess.com INT"]
[Date "2017.01.25"]
[Round "3"]
[White "Lenderman, Aleksandr"]
[Black "Gurevich, Daniel"]
[Result "1-0"]
[WhiteTitle "GM"]
[BlackTitle "IM"]
[WhiteElo "2573"]
[BlackElo "2455"]
[WhiteTeam "Montclair Sopranos"]
[BlackTeam "Atlanta Kings"]
[WhiteFideId "2021285"]
[BlackFideId "2044676"]
[EventDate "2017.01.11"]

1. e4 c6 2. Nc3 d5 3. Nf3 Nf6 4. e5 Ne4 5. Ne2 Qb6 6. d4 e6 7. Nfg1 f6 8. f3 Ng5
9. exf6 gxf6 10. f4 Nf7 11. c3 e5 12. fxe5 fxe5 13. dxe5 Bg7 14. e6 Bxe6 15. Nf4
Bf5 16. Qh5 Be4 17. Qg4 Be5 18. Nf3 Bxf3 19. gxf3 Bxf4 20. Bxf4 Qxb2 21. Rc1 h5
22. Qe6+ Kf8 23. Qf6 Qa3 24. Bh3 Qe7+ 25. Qxe7+ Kxe7 26. Kf2 Na6 27. Rce1+ Kf8
28. Bc1 Re8 29. Rxe8+ Kxe8 30. Ba3 Ng5 31. Bc8 Rh7 32. h4 Kd8 33. Bf5 Rf7 34.
hxg5 Rxf5 35. Rxh5 Nc7 36. Rh8+ Ne8 37. Rg8 Kd7 38. Kg3 b6 39. f4 c5 40. Kg4 Rf7
41. f5 d4 42. cxd4 cxd4 43. Rh8 Ng7 44. Rh7 d3 45. Bb4 a5 46. Bc3 Ke8 47. Bxg7
d2 48. Rh8+ Kd7 49. Rh1 Rxg7 50. Rd1 1-0

[Event "PRO League Atlantic 2017"]
[Site "chess.com INT"]
[Date "2017.01.25"]
[Round "3"]
[White "Stripunsky, Alexander"]
[Black "Giannatos, Peter"]
[Result "1/2-1/2"]
[WhiteTitle "GM"]
[WhiteElo "2536"]
[BlackElo "2284"]
[WhiteTeam "New Jersey Knockouts"]
[BlackTeam "Carolina Cobras"]
[WhiteFideId "2015315"]
[BlackFideId "2041650"]
[EventDate "2017.01.11"]

1. d4 d5 2. Bf4 e6 3. e3 Nf6 4. Nf3 c5 5. c3 Nc6 6. Nbd2 Bd6 7. Bg3 O-O 8. Bd3
b6 9. O-O Bb7 10. Re1 Ne7 11. Qb1 Bxg3 12. hxg3 Rc8 13. a4 Nc6 14. b4 cxb4 15.
cxb4 a5 16. bxa5 Nxa5 17. Ne5 Nc4 18. Ra2 Ba6 19. Ndxc4 Bxc4 20. Bxc4 dxc4 21.
Rc1 c3 22. Rac2 Nd5 23. Qb5 Qd6 24. Nd3 Qa3 25. e4 Nf6 26. f3 Rfd8 27. Qb4 Qxb4
28. Nxb4 Rxd4 29. Rxc3 Rxc3 30. Rxc3 h6 31. Rb3 Nd7 32. Rb2 Nc5 33. Nc6 Rd1+ 34.
Kh2 Nxa4 35. Rb4 Ra1 36. Ne5 Ra2 37. g4 f6 38. Nc6 e5 39. Ne7+ Kh7 40. Nd5 Kg6
41. Rc4 Nc5 42. Rc3 Ne6 43. Kg3 b5 44. Rc6 Nd4 45. Rc7 Ne2+ 46. Kh2 Nf4 47.
Nxf4+ exf4 48. Rc5 Rb2 49. Rf5 Kf7 50. e5 Rb4 51. exf6 gxf6 52. Kh3 Kg6 53. Rd5
Rb1 54. Kh2 Rb4 55. Rc5 Rb1 56. Rf5 Rb4 57. Rd5 Kg7 58. Rd8 Kg6 59. Rg8+ Kh7 60.
Rb8 Kg6 61. Rb7 Rb2 62. Rc7 Rb4 63. Rd7 Rc4 64. Rd5 b4 65. Rb5 Rd4 66. Kh3 Rd1
67. Kh2 Rd4 68. Rb8 Rc4 69. Rb7 Rd4 70. Rb5 Rc4 71. Kh3 Rc1 72. Kh2 Rc4 73. Rb8
Rd4 74. Rb7 Rc4 75. Kg1 Rc1+ 76. Kh2 Rc4 77. Rb5 Rd4 78. Rb7 Rc4 79. Rb8 Rd4 80.
Rb5 Rc4 81. Rb7 Rd4 82. Rc7 b3 83. Rb7 Rd3 84. Rb4 Kg5 85. Rb8 Kg6 86. Rb5 Rc3
87. Rb4 Kg5 88. Rb6 Kg6 89. Rb5 Rd3 90. Rb4 Kg5 91. Kh3 Rd1 92. Rb5+ Kg6 93. Kh2
Rd3 94. Rb4 Kg5 95. Rb8 Kg6 96. Rb7 Rc3 97. Rb5 Rd3 1/2-1/2

[Event "PRO League Atlantic 2017"]
[Site "chess.com INT"]
[Date "2017.01.25"]
[Round "3"]
[White "Stripunsky, Alexander"]
[Black "Wang, Tianqi"]
[Result "1-0"]
[WhiteTitle "GM"]
[WhiteElo "2536"]
[BlackElo "2199"]
[WhiteTeam "New Jersey Knockouts"]
[BlackTeam "Carolina Cobras"]
[WhiteFideId "2015315"]
[BlackFideId "2063824"]
[EventDate "2017.01.11"]

1. d4 Nf6 2. c4 e6 3. Nc3 d6 4. g3 Nbd7 5. Bg2 c5 6. Nf3 a6 7. O-O cxd4 8. Nxd4
Qc7 9. b3 Be7 10. Bb2 O-O 11. Rc1 Rd8 12. Qd2 Nf8 13. Rfd1 Bd7 14. e3 Rac8 15.
Qe2 Qb8 16. Qf3 b5 17. cxb5 axb5 18. Ne4 d5 19. Nxf6+ Bxf6 20. Qe2 Qb6 21. Qd2
b4 22. Nf3 Bxb2 23. Qxb2 Ng6 24. Rxc8 Rxc8 25. Rc1 Rxc1+ 26. Qxc1 h6 27. a3 bxa3
28. Qxa3 e5 29. b4 Kh7 30. Qa5 Qc6 31. Qc5 Qa8 32. h4 Qa1+ 33. Kh2 e4 34. h5 Ne5
35. Nxe5 Qxe5 36. Kg1 Qxh5 37. Bxe4+ g6 38. Qxd5 Qxd5 39. Bxd5 Kg7 40. f4 Kf6
41. Kf2 g5 42. Bc4 Bc6 43. b5 Bb7 44. Be2 1-0

[Event "PRO League Atlantic 2017"]
[Site "chess.com INT"]
[Date "2017.01.25"]
[Round "3"]
[White "Barbosa, Oliver"]
[Black "Bartell, Thomas"]
[Result "1-0"]
[WhiteTitle "GM"]
[BlackTitle "IM"]
[WhiteElo "2518"]
[BlackElo "2345"]
[WhiteTeam "New York Knights"]
[BlackTeam "Philadelphia Inventors"]
[WhiteFideId "5201640"]
[BlackFideId "2017849"]
[EventDate "2017.01.11"]

1. d4 d5 2. Nf3 Nf6 3. c4 c6 4. e3 Bf5 5. Nc3 e6 6. Nh4 Be4 7. f3 Bg6 8. Qb3 Qc7
9. Bd2 Be7 10. Rc1 Nbd7 11. Nxg6 hxg6 12. g3 a6 13. Kf2 dxc4 14. Bxc4 b5 15. Be2
c5 16. a4 c4 17. Qc2 Qb6 18. Kg2 O-O 19. h4 e5 20. Rcd1 exd4 21. exd4 Rfe8 22.
Ne4 Qxd4 23. Bc3 Qb6 24. h5 Nxe4 25. fxe4 Nf8 26. h6 Bf6 27. hxg7 Bxg7 28. Qd2
Rad8 29. Qf4 Rxd1 30. Bxd1 Ne6 31. Qh4 Nd4 32. axb5 axb5 33. Qh7+ Kf8 34. Bb4+ 1-0

[Event "PRO League Atlantic 2017"]
[Site "chess.com INT"]
[Date "2017.01.25"]
[Round "3"]
[White "Barbosa, Oliver"]
[Black "Vovk, Andriy"]
[Result "1/2-1/2"]
[WhiteTitle "GM"]
[BlackTitle "GM"]
[WhiteElo "2518"]
[BlackElo "2633"]
[WhiteTeam "New York Knights"]
[BlackTeam "Philadelphia Inventors"]
[WhiteFideId "5201640"]
[BlackFideId "14114470"]
[EventDate "2017.01.11"]

1. d4 d6 2. c4 Nf6 3. Nc3 g6 4. e4 Bg7 5. f3 O-O 6. Bg5 c5 7. d5 e6 8. Qd2 exd5
9. cxd5 h6 10. Be3 a6 11. a4 Nbd7 12. Nh3 Ne5 13. Nf2 h5 14. Be2 Nh7 15. O-O f5
16. exf5 gxf5 17. Nh3 Qf6 18. Nf4 Qf7 19. a5 Re8 20. Kh1 Bd7 21. Na4 Bxa4 22.
Rxa4 Nf8 23. Ra3 Re7 24. Nh3 Nh7 25. Bg5 Rc7 26. Rb3 Qg6 27. Be3 Nf8 28. Rb6 Rd8
29. Bg5 Re8 30. Bf4 Nfd7 31. Rb3 Nf8 32. Qc2 Rce7 33. Bg5 Rf7 34. Bh4 f4 35. Qd2
Bh6 36. Rb6 Nfd7 37. Rxb7 c4 38. Qd4 Qc2 39. Qe4 Qd2 40. Be1 Nc5 41. Bxd2 Nxe4
42. Rxf7 Nxd2 43. Rf6 Bg7 44. Rxd6 Nxf1 45. Bxf1 Nd3 46. Re6 Rb8 47. d6 Rd8 48.
Ng5 Nxb2 49. Ne4 c3 50. Nxc3 Bxc3 51. Bxa6 Kf7 52. Re7+ Kf6 53. Rh7 Kg6 54. Rb7
Rxd6 55. Rb6 Rf6 56. Bb5 Bxa5 57. Be8+ Kg7 58. Rxf6 Kxf6 59. Bxh5 Kg5 60. Bf7
Kh4 61. Kg1 Nd1 62. g3+ fxg3 63. hxg3+ Kxg3 64. Kf1 Nc3 65. Bh5 Nd5 66. Bg4 Nf4
67. Bc8 Kxf3 68. Bb7+ Ke3 69. Bc6 Bd8 70. Bb7 Bh4 71. Bc6 Nd3 72. Kg2 Nf4+ 73.
Kf1 Ne2 74. Bb7 Nf4 75. Bc6 Kd4 76. Bb7 Ke5 77. Bc6 Kf6 78. Bb7 Kf5 79. Bc6 Kg4
80. Bb7 1/2-1/2